00373nam a22000977a 4500008004100000082001900041110000900060245012700069260006900196300001000265230605b xxu||||| |||| 00| 0 eng d a324.96762bKNC d2006 aBehaving BadlybDeception, Chauvinism and Waste During the Referendum CampaignscKenya National Commission of Human Rights aKenyabKenya National Commission of Human RightscSeptember 2006 a108 p